000 02338cam a2200553 i 4500
001 xx004855902
003 NUKAT
005 20260429143517.0
008 200507s2020 pl |001 0dpol c
020 _a9788365880628
_q(oprawa twarda ;
_qIH PAN) :
_czł 35,00
020 _a9788380988514
_q(oprawa twarda ;
_qIPN) :
_czł 35,00
035 _a(OCoLC)1156658263
035 _a(NUKAT)xx004855902
040 _aKAT U/MP
_bpol
_erda
_cKAT U/MPs
_dKAT U/MP
_dWA 14/ABs
_dOLSZT 008/bak
045 2 _bd1917
_bd1989
046 _k2020
245 0 0 _aPolskie wizje i oceny komunizmu (1917-1989) /
_cpod redakcją Marka Kornata i Rafała Łatki.
260 _aWarszawa :
_bInstytut Historii im. Tadeusza Manteuffla Polskiej Akademii Nauk :
_bInstytut Pamięci Narodowej. Komisja Ścigania Zbrodni Przeciwko Narodowi Polskiemu,
_c2020.
300 _a384 strony ;
_c25 cm.
336 _aTekst
_btxt
_2rdacontent
337 _aBez urządzenia pośredniczącego
_bn
_2rdamedia
338 _aWolumin
_bnc
_2rdacarrier
380 _aKsiążki
380 _aPublikacje naukowe
388 1 _a2001-
504 _aIndeks.
648 7 _a1901-2000
_2DBN
_934996
650 7 _aEwaluacja
_2DBN
_940905
650 7 _aKomunizm
_2DBN
_937289
650 7 _aLewica (politologia)
_2DBN
_938831
650 7 _aWpływ i recepcja
_2DBN
_936244
650 7 _aKomunizm
_zPolska.
_2kaba
_940906
650 7 _aKomunizm
_zPolska
_xopinia publiczna.
_2kaba
_940907
650 7 _aIdee polityczne
_zPolska
_xhistoria.
_2kaba
_940908
650 7 _aRuchy antykomunistyczne
_zPolska
_xhistoria.
_2kaba
_940909
651 7 _aPolska
_2DBN
_935076
651 7 _aZwiązek Radziecki
_xopinia publiczna polska.
_2kaba
_940910
655 7 _aPraca zbiorowa
_2DBN
_935107
658 _aFilozofia i etyka
658 _aHistoria
658 _aPolityka, politologia, administracja publiczna
700 1 _aKornat, Marek
_d(1971- ).
_eRedakcja
_916251
700 1 _aŁatka, Rafał
_d(1985- ).
_eRedakcja
_915865
710 2 _aPolska Akademia Nauk.
_bInstytut Historii im. Tadeusza Manteuffla.
_eWydawca
_4pbl
_98586
710 2 _aInstytut Pamięci Narodowej - Komisja Ścigania Zbrodni przeciwko Narodowi Polskiemu.
_eWydawca
_4pbl
_911792
920 _a978-83-65880-62-8 (oprawa twarda ; IH PAN) : zł 35,00
920 _a978-83-8098-851-4 (oprawa twarda ; IPN) : zł 35,00
942 _2ddc
_cBK_NM
999 _c27873
_d27873